La technique comme support de réseaux, le réseau comme support de politiques (notice n° 2224940)
[ vue normale ]
| 000 -LEADER | |
|---|---|
| fixed length control field | 01220cam a2200157 4500500 |
| 005 - DATE AND TIME OF LATEST TRANSACTION | |
| control field | 20260426014427.0 |
| 041 ## - LANGUAGE CODE | |
| Language code of text/sound track or separate title | fre |
| 042 ## - AUTHENTICATION CODE | |
| Authentication code | dc |
| 100 10 - MAIN ENTRY--PERSONAL NAME | |
| Personal name | Boissonnat, Vincent |
| Relator term | author |
| 245 00 - TITLE STATEMENT | |
| Title | La technique comme support de réseaux, le réseau comme support de politiques |
| 260 ## - PUBLICATION, DISTRIBUTION, ETC. | |
| Date of publication, distribution, etc. | 2005.<br/> |
| 500 ## - GENERAL NOTE | |
| General note | 7 |
| 520 ## - SUMMARY, ETC. | |
| Summary, etc. | RésuméParmi les multiples formes de réseaux qui se sont imposées en quelques années dans le champ sanitaire, l’auteur s’attache à analyser les réseaux socio-techniques, c’est-à-dire des formes de fédérations et de coopérations professionnelles articulées autour d’une technique : la mammographie de dépistage du cancer du sein. L’article montre l’émergence simultanée de deux modèles très contrastés de mise en réseau pour promouvoir l’usage de cette technique dans les campagnes de dépistage, et met en évidence les agencements organisationnels qui ont été jugés les mieux adaptés à l’institutionnalisation des politiques nationales de prévention. |
| 786 0# - DATA SOURCE ENTRY | |
| Note | Sociologies pratiques | 11 | 2 | 2005-09-01 | p. 105-118 | 1235-9278 |
| 856 41 - ELECTRONIC LOCATION AND ACCESS | |
| Uniform Resource Identifier | <a href="https://shs.cairn.info/revue-sociologies-pratiques-2005-2-page-105?lang=fr&redirect-ssocas=7080">https://shs.cairn.info/revue-sociologies-pratiques-2005-2-page-105?lang=fr&redirect-ssocas=7080</a> |
Pas d'exemplaire disponible.




Réseaux sociaux